Artística 1 / (Registro nro. 7910)

Detalles MARC
000 -LIDER
fixed length control field 01434nam a2200337 a 4500
001 - NÚMERO DE CONTROL
Identificador de número de control 0000248
003 - IDENTIFICACDOR DE NÚMERO DE CONTROL
control field DO-SdBNP
005 - DATE AND TIME OF LATEST TRANSACTION
control field 20180307082927.0
007 - CAMPOS FIJOS DE DESCRIPCIÓN FÍSICA
fixed length control field 0000248
008 - ELEMENTOS DE LONGITUD FIJA
fixed length control field 150211s2013 dr abc 000 0 spa d
020 ## - ISBN
Canceled/invalid ISBN 9789945444026
040 ## - FUENTE DE CATALOGACIÓN
Agencia que crea de manera original el registro BPMSU
Idioma de catalogación spa
Agencia que realiza la transcripción BPMSU
092 ## - LOCALLY ASSIGNED DEWEY DECIMAL CALL NUMBER
Número de clasificación xxxx
Número de ítem (Cutter) xxxx
100 1# - ASIENTO PRINCIPAL -- NOMBRE PERSONAL
Nombre personal Mateo Dicló, Luisa A.
245 10 - MENCIÓN DE TITULO
Título Artística 1 /
Mención de responsabilidad Luisa A. Mateo Dicló, Dafne M. Gil de Peiro ; ilustraciones Wi-Hen Fung, Ramón L. Sandoval.
246 ## - VARIACION DEL TÍTULO
Título propiamente dicho o título corto Educación artística
250 ## - MENCIÓN DE EDICION
Mención de edición 2ª ed. revisada y actualizada
260 ## - PUBLICACIÓN, DISTRIBUCIÓN, ETC. (PIE DE IMPRENTA)
Lugar de publicación, distribución, etc Santo Domingo :
Nombre del editor, distribuidor, etc. Actualidad Escolar 2000,
Fecha de publicación, distribución, etc 2013.
300 ## - DESCRIPCIÓN FÍSICA
Extensión 112 p. :
Otros detalles físicos il., mapas, retrs. ;
Dimensiones 21 cm.
500 ## - NOTA GENERAL
Nota general Este libro ha sido realizado de acuerdo al curriculum vigente y ha sido sometido a la evaluación y aprobación del MINERD,(Minsiterio de Educación de la República Dominicana)
500 ## - NOTA GENERAL
Nota general Incluye el libro del maestro
500 ## - NOTA GENERAL
Nota general La biblioteca solamente posee el libro de texto.
505 0# - NOTA DE CONTENIDO
Título Conoce la educación artistica --
-- Me conozco --
-- La exploración --
-- La observación --
-- La expresión artística --
-- Las artes y sus formas --
-- Las artes y la cultura --
-- Valorando la historia nacional --
700 12 - ASIENTO SECUNDARIO -- NOMBRE PERSONAL
Nombre personal Gil de Peiro, Dafne M.
700 12 - ASIENTO SECUNDARIO -- NOMBRE PERSONAL
Nombre personal Fung, Wi-Hen,
Mención de responsabilidad il.
700 12 - ASIENTO SECUNDARIO -- NOMBRE PERSONAL
Nombre personal Sandoval, Ramón L.,
Mención de responsabilidad il.
910 ## - VALIDACIÓN
Validación 00144
942 ## - ADDED ENTRY ELEMENTS (KOHA)
Source of classification or shelving scheme Dewey Decimal Classification
Koha item type Libros
945 ## - INFORMACIÓN DE PROCESAMIENTO LOCAL
Información de procesamiento local Remanejado para la BNPHU / 2018 VM
956 ## - LOCAL ELECTRONIC LOCATION AND ACCESS (OCLC)
Nombre de host Yngrid Lockward
Número de acceso 10
Existencias
Withdrawn status Lost status Source of classification or shelving scheme Damaged status Not for loan Collection code Home library Current library Date acquired Source of acquisition Total Checkouts Barcode Date last seen Copy number Price effective from Koha item type
    Dewey Decimal Classification     Colección Escolar Biblioteca Pública Metropolitana Salomé Ureña Biblioteca Pública Metropolitana Salomé Ureña 04/06/2016 Donación   BPMSU15080525 06/11/2015 v. 1   Libros